Journal of Business Economics and Management

Na minha lista:
Detalhes bibliográficos
Formato: Periódico
Idioma:inglês
Publicado em: Vilnius Vilnius Gediminas Technical University
Tags: Adicionar Tag
Sem tags, seja o primeiro a adicionar uma tag!

MARC

LEADER 00000nas1a2200000 4500
001 0250072
005 20250701092112.8
022 |a 1611-1699 
022 |a 2029-4433 
041 0 |a eng 
044 |a LT 
245 1 0 |a Journal of Business Economics and Management 
264 1 |a Vilnius  |b Vilnius Gediminas Technical University